000 00467nam a2200181Ia 4500
001 8791
005 20260306160636.0
008 260306t2010||||xx |||||||||||||| ||spa||
041 _aESP
082 _a371.334
_bT36
100 _aTemprano Sánchez, Antonio
_eAUT
245 0 _aWebquest:
_baproximación práctica al uso de Internet en el aula
260 _c2010
300 _a145 páginas :
_c24 cm.
650 _aGEN
654 _aCED
942 _cLIB
_dJUS
_fJUS
_2ddc
_n
999 _c8791
_d8791